000
00252nam a22001097a 4500
082
_a
530 BVR'E
100
_a
ENERCON
_9
79501
245
_a
BURNER CONTROL SYSTEMS ,A SELECTION GUIDE
260
_a
ISLAMABAD
_b
ENERCON
_c
1989
300
_a
29P
942
_c
BK
999
_c
584540
_d
584540